00874nam a22002537a 45000010005000000030006000050050017000110080041000280200015000690400029000840500014001130820010001271000020001372450072001572600058002293000048002874900027003355050008003625200147003705210020005175210020005376500033005577000030005904907FISKH20241023145513.0241023b cb ||||| |||| 00| 0 eng d a1584850396 aFISKHbengcFISKHdFISKH aSF302.G56 a636.1 aDecaire, Camela aGirls and Their Horses (American Girl Library) /cby Camela Decaire aWisconsin :bPleasant Company Publications ;c2000 .  a64 pages : bcolor illustrations 'c23 cm . a American Girl Library aZ  aText and photographs present stories of girls who ride in rodeos, show jump, train miniature horses and wild ponies, and live on a horse farm.8 a920 bLexile 8 aZ bRaz-Plus  ahorses vJuvenile literature aWatkins, Michelleeeditor